000 008210000a22002410004500
090 _aAR
_b00881
245 1 0 _aFloristic diversity and structure of upland and arroyo forests of Coastal Jalisco
650 1 4 _aFlora
_992293
650 1 4 _aRiqueza de especies
_93326
650 1 4 _aSelvas secas neotropicales
_994070
650 1 4 _aDistribución geográfica
_992997
651 4 _lChamela
_dJalisco
_pMéxico
_992749
653 _gTrichilia
_eTrichilia trifolia
653 _gCaesalpinia
_eCaesalpinia eriostachys
653 _gCordia
_eCordia alliodora
653 _gThouinidium
_eThouinidium decandrum
041 0 _aInglés
700 1 _aBullock, Stephen H.
_911916
700 1 _aSolís Magallanes, J. Arturo
_993746
100 1 _aLott, Emily J.
_993998
942 _cARTICULO
773 1 _tBiotropica
_39
_h3
_q228-235
_d1987
_g19
999 _c9969
_d9969